|
|
|
|
| LEADER |
00000nam2a2200000 4500 |
| 001 |
679841 |
| 005 |
20250526121230.0 |
| 010 |
|
|
|a 978-5-93208-450-2
|
| 090 |
|
|
|a 679841
|
| 100 |
|
|
|a 20250423d2025 m||y0rusy50 ca
|
| 101 |
0 |
|
|a rus
|
| 102 |
|
|
|a RU
|
| 105 |
|
|
|a a j 000yy
|
| 181 |
|
0 |
|a i
|b e
|
| 182 |
|
0 |
|a n
|
| 183 |
|
0 |
|a nc
|2 RDAcarrier
|
| 200 |
0 |
|
|a Ч. 2 : Вопросы и задачи
|
| 203 |
|
|
|a Текст
|b визуальный
|c непосредственный
|
| 210 |
|
|
|d 2025
|
| 215 |
|
|
|a 271 с.
|c ил.
|
| 283 |
|
|
|a volume
|2 RDAcarrier
|
| 330 |
|
|
|a В учебнике, написанном преподавателями химического факультета МГУ им. М. В. Ломоносова, изложены современные теоретические основы химической термодинамики и химической кинетики, рассмотрены их практические приложения. По сравнению с предыдущим новое издание существенно переработано и дополнено. Книга состоит из двух частей: в первой теория, во второй вопросы и задачи, примеры контрольных работ, таблицы физико-химических данных, основные физико-химические формулы, а также необходимый математический минимум и другие полезные приложения. Ко всем задачам даны ответы или указания к решению.
|
| 461 |
|
1 |
|0 680324
|9 680324
|t Основы физической химии
|o учебник
|f В. В. Еремин, С. И. Каргов, И. А. Успенская [и др.]
|e 8-е изд.
|c Москва
|n Лаборатория знаний
|d 2025
|s Учебник для высшей школы
|y 978-5-93208-448-9
|v Ч. 2 : Вопросы и задачи
|
| 606 |
1 |
|
|a Физическая химия
|2 stltpush
|3 (RuTPU)RU\TPU\subj\67669
|9 83390
|
| 610 |
1 |
|
|a учебники
|
| 610 |
1 |
|
|a задачи
|
| 610 |
1 |
|
|a химическая термодинамика
|
| 610 |
1 |
|
|a электрохимия
|
| 610 |
1 |
|
|a статистическая термодинамика
|
| 610 |
1 |
|
|a химическая кинетика
|
| 610 |
1 |
|
|a неравновесная термодинамика
|
| 675 |
|
|
|a 544(075.8)
|v 3
|
| 701 |
|
1 |
|a Еремин
|b В. В.
|
| 701 |
|
1 |
|a Каргов
|b С. И.
|
| 701 |
|
1 |
|a Успенская
|b И. А.
|
| 701 |
|
1 |
|a Кузьменко
|b Н. Е.
|
| 701 |
|
1 |
|a Лунин
|b В. В.
|
| 801 |
|
0 |
|a RU
|b 63413507
|c 20250418
|
| 850 |
|
|
|a 63413507
|
| 942 |
|
|
|c BK
|